Financial Supervisory Independence and Accountability-Exploring the Determinants /

We analyze recent trends in, and determinants of, financial supervisory governance. We first calculate levels of supervisory independence and accountability in 55 countries. The econometric analysis of the determinants indicates that the quality of public sector governance plays a decisive role in e...

Mô tả đầy đủ

Chi tiết về thư mục
Tác giả chính: Masciandaro, Donato
Tác giả khác: Quintyn, Marc, Taylor, Michael
Định dạng: Tạp chí
Ngôn ngữ:English
Được phát hành: Washington, D.C. : International Monetary Fund, 2008.
Loạt:IMF Working Papers; Working Paper ; No. 2008/147
Truy cập trực tuyến:Full text available on IMF
LEADER 01802cas a2200265 a 4500
001 AALejournalIMF005127
008 230101c9999 xx r poo 0 0eng d
020 |c 5.00 USD 
020 |z 9781451870053 
022 |a 1018-5941 
040 |a BD-DhAAL  |c BD-DhAAL 
100 1 |a Masciandaro, Donato. 
245 1 0 |a Financial Supervisory Independence and Accountability-Exploring the Determinants /  |c Donato Masciandaro, Marc Quintyn, Michael Taylor. 
264 1 |a Washington, D.C. :  |b International Monetary Fund,  |c 2008. 
300 |a 1 online resource (34 pages) 
490 1 |a IMF Working Papers 
500 |a <strong>Off-Campus Access:</strong> No User ID or Password Required 
500 |a <strong>On-Campus Access:</strong> No User ID or Password Required 
506 |a Electronic access restricted to authorized BRAC University faculty, staff and students 
520 3 |a We analyze recent trends in, and determinants of, financial supervisory governance. We first calculate levels of supervisory independence and accountability in 55 countries. The econometric analysis of the determinants indicates that the quality of public sector governance plays a decisive role in establishing accountability arrangements, more than independence arrangements. It also shows that decisions regarding levels of independence and accountability are not well-connected. The results also show that the likelihood of establishing adequate governance arrangements are higher when the supervisor is located outside the central bank. 
538 |a Mode of access: Internet 
700 1 |a Quintyn, Marc. 
700 1 |a Taylor, Michael. 
830 0 |a IMF Working Papers; Working Paper ;  |v No. 2008/147 
856 4 0 |z Full text available on IMF  |u http://elibrary.imf.org/view/journals/001/2008/147/001.2008.issue-147-en.xml  |z IMF e-Library